| 000 | 00720nam a2200217 a 4500 | ||
|---|---|---|---|
| 001 | 992 | ||
| 003 | CDMR | ||
| 005 | 20131118110136.0 | ||
| 008 | 130130s1986||||||||||||||||||||||||||||d | ||
| 020 | _a968162274X | ||
| 040 |
_aCDMR _bcat _cCDMR |
||
| 100 | 1 |
_aBagdikian, Ben H. _9775 |
|
| 245 | 1 | 3 |
_aEl monopolio de los medios de difusión _cBen H. Bagdikian ; traducción de Roberto Helier |
| 260 |
_aMéxico _c1986 _bFondo de Cultura Económica |
||
| 300 | _a250 p. | ||
| 490 | 0 | _aObras de Sociología | |
| 650 | 0 | 4 |
_93267 _aMitjans de comunicació de massa _zEstats Units d'Amèrica |
| 650 | 0 | 4 |
_94123 _aConcentració industrial |
| 650 | 0 | 4 |
_94324 _aPublicitat _xAspectes econòmics _zEstats Units d'Amèrica |
| 942 |
_cMON _2udc |
||
| 999 |
_c992 _d992 |
||